|
|
|
|
| LEADER |
00000nas a2200000 a 4500 |
| 001 |
ssj0001084 |
| 003 |
WaSeSS |
| 005 |
20200512172242.0 |
| 006 |
m d |
| 007 |
cr n |
| 008 |
920204c19929999dcuqr p s 0 a0eng c |
| 010 |
|
|
|a 93648177
|z sn 92003870
|
| 015 |
|
|
|a 016418166
|2 dnb
|
| 016 |
7 |
|
|a 1112114-2
|2 DE-600
|
| 016 |
7 |
|
|a 011761950
|2 Uk
|
| 022 |
|
|
|l 1061-1924
|y 1061-1924
|
| 035 |
|
|
|a (WaSeSS)ssj0001084
|
| 037 |
|
|
|b Middle East Policy, 1730 M Street NW, Suite 512, Washington, DC 20036
|
| 040 |
|
|
|a NSD
|b eng
|c NSD
|d NYG
|d GUA
|d NST
|d GUA
|d HUL
|d IUL
|d MYG
|d NST
|d COO
|d WAU
|d NST
|d EYM
|d NST
|d HUL
|d NST
|d DLC
|d NST
|d DLC
|d IUL
|d DLC
|d SYS
|d CUS
|d OCLCQ
|d MYG
|d OCL
|d CDS
|d NLGGC
|d NSD
|d CRU
|d IHE
|d OCLCQ
|d GBVCP
|d UKMGB
|d OCLCF
|d OCL
|d OCLCO
|d OCL
|d IUL
|d GILDS
|d OCLCO
|d OKX
|d HTM
|d OCLCO
|d L2U
|d WaSeSS
|
| 042 |
|
|
|a nsdp
|a pcc
|
| 043 |
|
|
|a aw-----
|a n-us---
|
| 050 |
0 |
0 |
|a DS41
|b .M518
|
| 050 |
1 |
4 |
|a E184.A65
|b A582
|
| 082 |
0 |
0 |
|a 956/.005
|2 20
|
| 210 |
0 |
|
|a Middle East policy
|
| 222 |
|
0 |
|a Middle East policy
|
| 245 |
0 |
0 |
|a Middle East policy
|h [electronic resource].
|
| 260 |
|
|
|a Washington, D.C. :
|b Middle East Policy Council,
|c 1992-
|
| 310 |
|
|
|a Quarterly
|
| 362 |
0 |
|
|a Vol. 1, no. 1-
|
| 500 |
|
|
|a Title from cover.
|
| 506 |
|
|
|a License restrictions may limit access.
|
| 515 |
|
|
|a Vol. 1, no. 1-<v. 1, no. 4> also numbered on spine: 39-<42> in continuation of previous title's numbering.
|
| 588 |
|
|
|a Latest issue consulted: Vol. 1, no. 4, published in 1992.
|
| 648 |
|
7 |
|a Since 1979
|2 fast
|
| 650 |
|
0 |
|a Arab-Israeli conflict
|v Periodicals.
|
| 650 |
|
7 |
|a 89.90 foreign policy.
|0 (NL-LeOCL)077609298
|2 bcl
|
| 650 |
|
7 |
|a Arab-Israeli conflict.
|2 fast
|0 (OCoLC)fst00812220
|
| 650 |
|
7 |
|a Diplomatic relations.
|2 fast
|0 (OCoLC)fst01907412
|
| 650 |
|
7 |
|a Politics and government
|2 fast
|0 (OCoLC)fst01919741
|
| 650 |
1 |
7 |
|a Arabisch-Israëlisch conflict.
|2 gtt
|
| 650 |
1 |
7 |
|a Buitenlandse politiek.
|2 gtt
|
| 651 |
|
0 |
|a Middle East
|v Periodicals.
|
| 651 |
|
0 |
|a Middle East
|x Politics and government
|y 1979-
|v Periodicals.
|
| 651 |
|
0 |
|a Middle East
|x Foreign relations
|z United States
|v Periodicals.
|
| 651 |
|
0 |
|a United States
|x Foreign relations
|z Middle East
|v Periodicals.
|
| 651 |
|
7 |
|a Middle East.
|2 fast
|0 (OCoLC)fst01241586
|
| 651 |
|
7 |
|a United States.
|2 fast
|0 (OCoLC)fst01204155
|
| 655 |
|
0 |
|a Electronic journals.
|
| 710 |
2 |
|
|a Middle East Policy Council (U.S.)
|
| 780 |
0 |
0 |
|t American-Arab affairs
|x 0731-6763
|w (DLC) 82647100
|w (OCoLC)8230947
|
| 850 |
|
|
|a AAP
|a AzTeS
|a C
|a CU-Riv
|a CoU
|a CtW
|a DGW
|a DLC
|a DeU
|a GU
|a ICU
|a InLP
|a InU
|a MCM
|a MH
|a MH-ME
|a MNS
|a MiEM
|a MiU
|a MoSU
|a MoU
|a N
|a NIC
|a NN
|a NNC
|a NSyU
|a NcD
|a NcRS
|a NjP
|a NjR
|a OCU
|a PPiD
|a PU
|a RPB
|a TU
|a TxHR
|a ViW
|a WaU
|
| 853 |
0 |
0 |
|8 1
|a v.
|b no.
|g (*)
|i (year)
|
| 853 |
2 |
0 |
|8 2
|a v.
|b no.
|u 4
|v r
|i (year)
|j (season)
|w q
|x 21
|
| 856 |
4 |
0 |
|z Full text available from Research Library: 05/01/1997 to 10/31/2012
|u https://search.proquest.com/publication/31168
|
| 863 |
4 |
0 |
|8 1
|a <1>-
|g <39>-
|i <1992>-
|x provisional
|
| 863 |
4 |
1 |
|8 2.1
|a 10
|b 1
|i 2003
|j 21
|